| 000 | 00590nam a2200181Ia 4500 | ||
|---|---|---|---|
| 003 | GCL | ||
| 005 | 20240530105405.0 | ||
| 008 | 140319s9999 xx 000 0 ara d | ||
| 020 | _a9771032062 | ||
| 040 |
_aGCL / _cGCL |
||
| 082 | 0 | 4 |
_a327.1011 _bف ا |
| 100 | 1 | _aفتحية النبراوى | |
| 245 | 1 | 0 |
_aاصول العلاقات السياسية الدولية / _cفتحية النبراوى |
| 260 |
_aالقاهرة : _bمنشاة المعارف الاسلامية |
||
| 300 |
_a653 ص ؛ _c24 سم |
||
| 700 | 1 |
_aمحمد نصر مهنا _eمؤلف مشارك |
|
| 942 |
_2ddc _cBK |
||
| 999 |
_c55565 _d55565 |
||